000 01341nam0a22003371 4500
001 v19\rc\1950652
005 20251118180918.1
035 _a(NLR Aleph) 005035651
090 _a6738354
_c6738354
100 _a20080428d1913 |||y0rusy50 ca
101 0 _arus
102 _aRU
105 _aa z |||c|
200 1 _aНовый-Симеиз и его окрестности на Южном берегу Крыма
_eС крат. очерками по геологии и археологии местности, 2 схемат. картами, 89 ил. и пл. поселка с его окрестностями
_fВ.М. Кузьменко
210 _aМосква
_cТ-во скоропеч. А.А. Левенсон
_d1913
215 _aVIII, 77 с., 44 л. ил.
_cил.
_d22
316 _aЭкз. РНБ (37.30.5.98, 133/6402): 2-й экз. с автогр. авт.
_5NLR: 37.30.5.98, 133/6402
700 1 _aКузьменко
_bВ. М.
_gВасилий Михайлович
801 0 _aRU
_bNLR
_gpsbo
801 0 _aRU
_bRuMoRGB
_2psbo
801 1 _aRU
_bProSoft-M
_2rusmarc
852 _aNLR
_j37.30.5.98
852 _aNLR
_j133/6402
899 _aRuMoRGB
_jF 133/176
899 _aRuMoRGB
_jU 429/316
899 _aБАН
899 _aНБ СПбГУ
899 _aГПИБ
899 _aНБ МГУ
942 _cBOOK
980 _aNB